DATA SCIENCE FOR BUSINESS (Record no. 9069)

MARC details
000 -LEADER
fixed length control field 00499nam a22001697a 4500
005 - DATE AND TIME OF LATEST TRANSACTION
control field 20260310161329.0
008 - FIXED-LENGTH DATA ELEMENTS--GENERAL INFORMATION
fixed length control field 260309b |||||||| |||| 00| 0 eng d
020 ## - INTERNATIONAL STANDARD BOOK NUMBER
ISBN 978-93-5110-267-0
041 ## - LANGUAGE CODE
Language code of text/sound track or separate title eng
082 ## - DEWEY DECIMAL CLASSIFICATION NUMBER
Classification number 658.4033 PRO-D
100 ## - MAIN ENTRY--AUTHOR NAME
Personal name PROVOST, FOSTER AND FAWCETT, TOM
245 ## - TITLE STATEMENT
Title DATA SCIENCE FOR BUSINESS
260 ## - PUBLICATION, DISTRIBUTION, ETC. (IMPRINT)
Place of publication NAVI MUMBAI
Name of publisher SHROFF PUBLISHERS & DISTREBUTERS PVT.LTD
Year of publication 2013
300 ## - PHYSICAL DESCRIPTION
Number of Pages 384;P
650 ## - SUBJECT ADDED ENTRY--TOPICAL TERM
Topical Term COMPUTER SCIENCE AND INFORMATION TECNOLOGY
942 ## - ADDED ENTRY ELEMENTS (KOHA)
Koha item type Books
Holdings
Lost status Damaged status Collection code Home library Current library Shelving location Date acquired Source of acquisition Cost, normal purchase price Serial Enumeration / chronology Full call number Accession Number Koha item type
    CS/IT JRU Library JRU Library NEW ARRIVAL SHELF 09/03/2026 PURCHASE 1575.00 LBI/000881 DATE-06/03/2026 658.4033 29328 Books